[Event "SVK-chT1E 2223"]
[Site "Slovakia"]
[Date "2023.02.04"]
[Round "8.3"]
[White "Popovic, Martin"]
[Black "Lukac, Roman"]
[Result "1/2-1/2"]
[WhiteElo "1978"]
[BlackElo "2036"]
[PlyCount "50"]
[EventDate "2022.10.15"]
[EventType "team-tourn"]
[EventRounds "11"]
[EventCountry "SVK"]
[SourceTitle "EXT 2024"]
[Source "ChessBase"]
[SourceDate "2023.10.10"]
[SourceVersion "1"]
[SourceVersionDate "2023.10.10"]
[SourceQuality "1"]
[WhiteTeam "Kosice Slavia TU"]
[BlackTeam "Banska Bystrica Junior"]
[WhiteTeamCountry "SVK"]
[BlackTeamCountry "SVK"]

1. e4 e5 2. Nf3 Nc6 3. Bb5 a6 4. Ba4 Nf6 5. d3 d6 6. c3 Be7 7. h3 0-0 8. 0-0 Re8 9. Re1 Bf8 10. Nbd2 b5 11. Bb3 Na5 12. Bc2 c5 13. Nf1 Nc6 14. a4 Bd7 15. Bg5 h6 16. axb5 axb5 17. Rxa8 Qxa8 18. Bxf6 gxf6 19. Ne3 Ne7 20. Nh4 Be6 21. Ng4 Bg7 22. Qd2 Bxg4 23. hxg4 d5 24. d4 cxd4 25. cxd4 Rd8 1/2-1/2

[Event "SVK-chT2C 2122"]
[Site "Slovakia"]
[Date "2022.03.06"]
[Round "6.1"]
[White "Haring, Filip"]
[Black "Lukac, Roman"]
[Result "1-0"]
[WhiteElo "2429"]
[BlackElo "2056"]
[PlyCount "67"]
[EventDate "2021.10.16"]
[EventType "team-tourn"]
[EventRounds "11"]
[EventCountry "SVK"]
[SourceTitle "EXT 2023"]
[Source "ChessBase"]
[SourceDate "2022.10.05"]
[SourceVersion "1"]
[SourceVersionDate "2022.10.05"]
[SourceQuality "1"]
[WhiteTeam "Detva"]
[BlackTeam "Banska Bystrica Kurta"]
[WhiteTeamCountry "SVK"]
[BlackTeamCountry "SVK"]

1. e4 e5 2. Nf3 Nc6 3. d4 exd4 4. Nxd4 Bc5 5. Nb3 Bb6 6. Nc3 d6 7. Qe2 Nf6 8. Be3 0-0 9. 0-0-0 Re8 10. f3 Be6 11. Nc5 Bc8 12. g4 Ba5 13. g5 Bxc3 14. bxc3 Nd7 15. Nb3 Qe7 16. h4 f5 17. gxf6 Nxf6 18. h5 h6 19. Rg1 Kh7 20. Qg2 Qf7 21. Kb1 Be6 22. Nd4 Bxa2+ 23. Kb2 Ne5 24. Nf5 Rg8 25. Bd4 Be6 26. f4 Bxf5 27. fxe5 Nxe4 28. Bd3 d5 29. e6 Qf8 30. Rdf1 Rd8 31. Rxf5 Qxf5 32. Qxg7+ Rxg7 33. Rxg7+ Kh8 34. Rf7+ 1-0

[Event "Liptovsky Jan Slovak op U2200"]
[Site "Liptovsky Jan"]
[Date "2021.06.20"]
[Round "6"]
[White "Mudrak, Josef"]
[Black "Lukac, Roman"]
[Result "1-0"]
[WhiteElo "2187"]
[BlackElo "2063"]
[PlyCount "69"]
[EventDate "2021.06.17"]
[EventType "swiss"]
[EventRounds "7"]
[EventCountry "SVK"]
[SourceTitle "CBM 203 Extra"]
[Source "ChessBase"]
[SourceDate "2021.09.30"]
[SourceVersion "1"]
[SourceVersionDate "2021.09.30"]
[SourceQuality "1"]

1. d4 Nf6 2. Nf3 g6 3. c4 Bg7 4. Nc3 0-0 5. e4 d6 6. h3 e5 7. d5 Na6 8. g4 Nc5 9. Qc2 a5 10. Bg5 Qe8 11. Nd2 Nfd7 12. Nb5 Na6 13. a3 f6 14. Be3 b6 15. Rb1 Rf7 16. b4 axb4 17. axb4 Qf8 18. h4 f5 19. gxf5 gxf5 20. exf5 Nf6 21. Be2 Kh8 22. Nf1 Ng8 23. Ng3 Bh6 24. Bd3 Nf6 25. Qd2 Ng4 26. Bg5 Bg7 27. Nc3 Nb8 28. f3 Nh6 29. f6 Rxf6 30. Bxf6 Qxf6 31. Nce4 Qxf3 32. Rf1 Qg4 33. Qg5 Nd7 34. Be2 Qh3 35. Nh5 1-0

[Event "SVK-chT1E 1819"]
[Site "Slovakia"]
[Date "2019.03.16"]
[Round "10.6"]
[White "Lukac, Roman"]
[Black "Krasnay, Milan"]
[Result "0-1"]
[WhiteElo "2085"]
[BlackElo "1812"]
[PlyCount "126"]
[EventDate "2018.10.27"]
[EventType "team-tourn"]
[EventRounds "11"]
[EventCountry "SVK"]
[SourceTitle "CBM 189 Extra"]
[Source "ChessBase"]
[SourceDate "2019.06.03"]
[SourceVersion "1"]
[SourceVersionDate "2019.06.03"]
[SourceQuality "1"]
[WhiteTeam "Banska Bystrica Junior"]
[BlackTeam "Kosice 1 CC"]
[WhiteTeamCountry "SVK"]
[BlackTeamCountry "SVK"]

1. e4 d6 2. d4 g6 3. Nc3 Bg7 4. Be3 Nc6 5. d5 Ne5 6. Be2 c5 7. f4 Nd7 8. Nf3 Qa5 9. Qd2 Ngf6 10. h3 Nh5 11. Kf2 f5 12. exf5 gxf5 13. Ng5 Nhf6 14. Ne6 Kf7 15. Qd3 Ne4+ 16. Nxe4 fxe4 17. Qxe4 Nf6 18. Qf5 Bxe6 19. Qxe6+ Ke8 20. g4 Kd8 21. c3 Rf8 22. g5 Nd7 23. Rhe1 Ne5 24. Kg3 Qa4 25. b4 cxb4 26. cxb4 Qa3 27. Bb5 a6 28. Bf1 Rc8 29. Re2 Rc3 30. Rae1 Qxb4 31. Kg2 Qe4+ 32. Kh2 Nf3+ 33. Kg2 Qxe6 34. dxe6 Nxe1+ 35. Rxe1 Bd4 36. Kf3 Kc7 37. Ke4 Bxe3 38. Rxe3 Rxe3+ 39. Kxe3 h6 40. h4 d5 41. Bd3 Kd6 42. f5 Ke5 43. g6 Rb8 44. Kd2 Rc8 45. Kd1 Kf6 46. Kd2 Rc5 47. Ke3 Ra5 48. Kd4 Rxa2 49. Kxd5 Ra5+ 50. Kd4 Ra4+ 51. Kc5 Rxh4 52. Kb6 Rb4+ 53. Kc7 a5 54. Be2 Rb2 55. Bf3 Rb5 56. Be4 Rb4 57. Bf3 Rb3 58. Be4 b5 59. Kd7 Ra3 60. Bb1 Rg3 61. Ke8 b4 62. Bc2 b3 63. g7 bxc2 0-1

[Event "SVK-chT2C 1819"]
[Site "Slovakia"]
[Date "2018.12.16"]
[Round "6.1"]
[White "Lukac, Roman"]
[Black "Druska, Juraj"]
[Result "1/2-1/2"]
[WhiteElo "2085"]
[BlackElo "2443"]
[PlyCount "64"]
[EventDate "2018.10.13"]
[EventType "team-tourn"]
[EventRounds "11"]
[EventCountry "SVK"]
[SourceTitle "CBM 189 Extra"]
[Source "ChessBase"]
[SourceDate "2019.06.03"]
[SourceVersion "1"]
[SourceVersionDate "2019.06.03"]
[SourceQuality "1"]
[WhiteTeam "Banska Bystrica Kurta"]
[BlackTeam "Ondrasova Krivan"]
[WhiteTeamCountry "SVK"]
[BlackTeamCountry "SVK"]

1. e4 c5 2. Nf3 Nc6 3. d4 cxd4 4. Nxd4 g6 5. Bc4 Bg7 6. Nxc6 bxc6 7. 0-0 d6 8. Re1 Qc7 9. Nc3 Nf6 10. Bb3 0-0 11. Bg5 Rb8 12. Qd3 Ng4 13. h3 Ne5 14. Qe2 Re8 15. Rad1 Qa5 16. Bc1 c5 17. f4 Ba6 18. Qe3 Nc6 19. Kh1 Rec8 20. e5 Nd4 21. Nd5 Nf5 22. Nxe7+ Nxe7 23. exd6 Nf5 24. Bxf7+ Kxf7 25. Qe6+ Kf8 26. d7 Rd8 27. g4 Qb6 28. gxf5 Qxe6 29. fxe6 Ke7 30. f5 Bf6 31. Bf4 Rb6 32. Bc7 Bb7+ 1/2-1/2

[Event "SVK-chT2C 1819"]
[Site "Slovakia"]
[Date "2018.12.15"]
[Round "5.2"]
[White "Lukac, Roman"]
[Black "Turcan, Richard"]
[Result "1-0"]
[WhiteElo "2085"]
[BlackElo "2105"]
[PlyCount "107"]
[EventDate "2018.10.13"]
[EventType "team-tourn"]
[EventRounds "11"]
[EventCountry "SVK"]
[SourceTitle "CBM 189 Extra"]
[Source "ChessBase"]
[SourceDate "2019.06.03"]
[SourceVersion "1"]
[SourceVersionDate "2019.06.03"]
[SourceQuality "1"]
[WhiteTeam "Banska Bystrica Kurta"]
[BlackTeam "Banska Bystrica Veza"]
[WhiteTeamCountry "SVK"]
[BlackTeamCountry "SVK"]

1. e4 c5 2. Nf3 d6 3. d4 cxd4 4. Nxd4 Nf6 5. Nc3 g6 6. Bc4 Bg7 7. 0-0 0-0 8. Re1 Nc6 9. Bb3 Bd7 10. Nxc6 Bxc6 11. Bg5 b5 12. Qd3 b4 13. Nd5 Bxd5 14. exd5 Qd7 15. a4 Rac8 16. a5 Rc5 17. Be3 Rc7 18. Bd4 Nh5 19. Bxg7 Nxg7 20. Re4 Rb8 21. Ra4 Qf5 22. h3 Ne8 23. Raxb4 Rxb4 24. Rxb4 Qxd3 25. cxd3 Nf6 26. a6 Nd7 27. Rb7 Rxb7 28. axb7 Nb8 29. f4 Kf8 30. Ba4 e6 31. dxe6 fxe6 32. Kf2 Ke7 33. Kg3 Na6 34. Kg4 Kf6 35. Kf3 Ke7 36. Kg4 Kf6 37. Kf3 Ke7 38. Bb5 Nb8 39. Kg4 Kf6 40. Ba4 Na6 41. Be8 Nb8 42. Kf3 Ke7 43. Bb5 Kf6 44. g4 g5 45. fxg5+ Kxg5 46. d4 Kh4 47. Kf4 h6 48. Bc4 d5 49. Bf1 Nd7 50. Bb5 Nb8 51. Ke5 Kxh3 52. Be2 Kg3 53. Kd6 Kf2 54. Kc7 1-0